[Event "WJCC U20 Girls 2019"]
[Site "New Delhi"]
[Date "2019.10.17"]
[Round "4.41"]
[White "Harshini A"]
[Black "Shivika Rohilla"]
[Result "1-0"]
[WhiteElo "2230"]
[BlackElo "1721"]
[Annotator "NA"]
[PlyCount "77"]
[EventDate "2019.10.15"]
[EventType "swiss"]
[EventCountry "IND"]
[SourceTitle "playchess.com"]
[Source "ChessBase"]
[SourceQuality "1"]
[TimeControl "40/5400+30:1800+30"]

1. e4 {[%emt 0:00:00]} e5 {[%emt 0:00:00]} 2. Nf3 {[%emt 0:00:00]} Nc6 {[%emt 0:00:00]} 3. Bb5 {[%emt 0:00:00]} a6 {[%emt 0:00:00]} 4. Ba4 {[%emt 0:00:00]} Nf6 {[%emt 0:00:00]} 5. O-O {[%emt 0:00:00]} b5 {[%emt 0:00:07]} 6. Bb3 {[%emt 0:00:00]} Be7 {[%emt 0:00:06]} 7. Re1 {[%emt 0:00:00]} d6 {[%emt 0:00:06]} 8. c3 {[%emt 0:00:04]} O-O {[%emt 0:00:06]} 9. d4 {[%emt 0:00:03]} exd4 {[%emt 0:02:25]} 10. Nxd4 {[%emt 0:00:25]} Nxd4 {[%emt 0:02:38]} 11. cxd4 {[%emt 0:00:28]} c5 {[%emt 0:02:50]} 12. Nc3 {[%emt 0:01:26]} Bb7 {[%emt 0:04:13]} 13. f3 {[%emt 0:01:00]} Qc7 {[%emt 0:20:35]} 14. Bf4 {[%emt 0:03:54]} Nh5 {[%emt 0:00:55]} 15. Be3 {[%emt 0:00:06]} c4 {[%emt 0:00:45]} 16. Bc2 {[%emt 0:00:06]} g6 {[%emt 0:01:26]} 17. Bh6 {[%emt 0:01:46]} Rfe8 {[%emt 0:00:34]} 18. Qd2 {[%emt 0:00:05]} Bf6 {[%emt 0:04:50]} 19. f4 {[%emt 0:04:04]} Qb6 {[%emt 0:03:42]} 20. Rad1 {[%emt 0:01:19]} Bh8 {[%emt 0:10:57]} 21. f5 {[%emt 0:05:10]} Nf6 {[%emt 0:03:43]} 22. Qf4 {[%emt 0:08:46]} Nh5 {[%emt 0:01:15]} 23. Qf2 {[%emt 0:15:26]} Nf6 {[%emt 0:04:40]} 24. h3 {[%emt 0:13:36]} b4 {[%emt 0:01:04]} 25. Na4 {[%emt 0:00:39]} Qc7 {[%emt 0:00:11]} 26. Qf4 {[%emt 0:05:40]} Nh5 {[%emt 0:02:06]} 27. Qf3 {[%emt 0:00:11]} Bg7 {[%emt 0:01:54]} 28. Bg5 {[%emt 0:01:37]} h6 {[%emt 0:08:13]} 29. Bh4 {[%emt 0:00:28]} Kh8 {[%emt 0:04:04]} 30. f6 {[%emt 0:02:45]} Bf8 {[%emt 0:00:09]} 31. g4 {[%emt 0:00:10]} g5 {[%emt 0:00:18]} 32. gxh5 {[%emt 0:02:33]} gxh4 {[%emt 0:00:08]} 33. Rd2 {[%emt 0:02:25]} d5 {[%emt 0:01:02]} 34. e5 {[%emt 0:00:19]} b3 {[%emt 0:00:43]} 35. Rg2 {[%emt 0:02:25]} Bc8 {[%emt 0:02:15]} 36. axb3 {[%emt 0:02:44]} cxb3 {[%emt 0:00:11]} 37. Bxb3 {[%emt 0:04:04]} Be6 {[%emt 0:01:31]} 38. Kh2 {[%emt 0:01:32]} Bb4 {[%emt 0:00:50]} 39. Qe3 {[%emt 0:00:23]} 1-0

[Event "WJCC U20 Girls 2019"]
[Site "New Delhi"]
[Date "2019.10.17"]
[Round "4.42"]
[White "Dahampriya, H K T Dewnethmie"]
[Black "Tamarozi, Isabelle"]
[Result "1-0"]
[WhiteElo "1629"]
[BlackElo "2029"]
[Annotator "NA"]
[PlyCount "73"]
[EventDate "2019.10.15"]
[EventType "swiss"]
[EventCountry "IND"]
[SourceTitle "playchess.com"]
[Source "ChessBase"]
[SourceQuality "1"]
[TimeControl "40/5400+30:1800+30"]

1. e4 {[%emt 0:00:00]} c5 {[%emt 0:00:00]} 2. Nf3 {[%emt 0:00:00]} g6 {[%emt 0:00:36]} 3. e5 {[%emt 0:00:18]} Nf6 {[%emt 0:01:23]} 4. d4 {[%emt 0:03:37]} Nd5 {[%emt 0:00:56]} 5. dxc5 {[%emt 0:00:30]} Bg7 {[%emt 0:01:15]} 6. Bc4 {[%emt 0:02:41]} Nb6 {[%emt 0:01:33]} 7. Bb3 {[%emt 0:00:10]} d5 {[%emt 0:04:51]} 8. O-O {[%emt 0:02:08]} Bg4 {[%emt 0:03:47]} 9. h3 {[%emt 0:00:11]} Bxf3 {[%emt 0:02:47]} 10. Qxf3 {[%emt 0:00:13]} O-O {[%emt 0:02:51]} 11. Nc3 {[%emt 0:01:49]} Nc6 {[%emt 0:04:11]} 12. Be3 {[%emt 0:03:01]} e6 {[%emt 0:01:47]} 13. Qe2 {[%emt 0:00:26]} h6 {[%emt 0:08:29]} 14. f4 {[%emt 0:01:40]} Ne7 {[%emt 0:05:34]} 15. g4 {[%emt 0:00:42]} Qd7 {[%emt 0:03:14]} 16. a4 {[%emt 0:02:11]} Rac8 {[%emt 0:03:47]} 17. Nb5 {[%emt 0:03:24]} a6 {[%emt 0:02:41]} 18. Nd6 {[%emt 0:00:23]} Rc7 {[%emt 0:00:54]} 19. Bd2 {[%emt 0:03:43]} Nc6 {[%emt 0:06:32]} 20. Qd3 {[%emt 0:01:40]} f5 {[%emt 0:13:02]} 21. gxf5 {[%emt 0:02:05]} gxf5 {[%emt 0:01:41]} 22. Kh2 {[%emt 0:00:16]} Rd8 {[%emt 0:08:06]} 23. Rg1 {[%emt 0:01:22]} Nc4 {[%emt 0:01:53]} 24. Bxc4 {[%emt 0:20:43]} dxc4 {[%emt 0:00:35]} 25. Qe3 {[%emt 0:08:39]} Kh8 {[%emt 0:06:41]} 26. Bc3 {[%emt 0:00:24]} Rf8 {[%emt 0:03:46]} 27. Nxc4 {[%emt 0:02:21]} Nd4 {[%emt 0:03:23]} 28. Nb6 {[%emt 0:00:35]} Nxc2 {[%emt 0:01:44]} 29. Nxd7 {[%emt 0:06:17]} Nxe3 {[%emt 0:00:09]} 30. Nxf8 {[%emt 0:00:05]} Bxf8 {[%emt 0:00:16]} 31. Rg6 {[%emt 0:03:01]} Nd5 {[%emt 0:01:12]} 32. Rxe6 {[%emt 0:01:10]} Nxf4 {[%emt 0:02:11]} 33. Rf6 {[%emt 0:05:33]} Bg7 {[%emt 0:01:40]} 34. Rxf5 {[%emt 0:00:23]} Nd3 {[%emt 0:01:08]} 35. e6 {[%emt 0:05:38]} Bxc3 {[%emt 0:00:25]} 36. bxc3 {[%emt 0:00:17]} Re7 {[%emt 0:00:53]} 37. Rd1 {[%emt 0:03:20]} 1-0

[Event "WJCC U20 Girls 2019"]
[Site "New Delhi"]
[Date "2019.10.17"]
[Round "4.43"]
[White "Mirza, Diana"]
[Black "Arushi Kotwal"]
[Result "1/2-1/2"]
[WhiteElo "1986"]
[BlackElo "1657"]
[Annotator "NA"]
[PlyCount "74"]
[EventDate "2019.10.15"]
[EventType "swiss"]
[EventCountry "IND"]
[SourceTitle "playchess.com"]
[Source "ChessBase"]
[SourceQuality "1"]
[TimeControl "40/5400+30:1800+30"]

1. d4 {[%emt 0:00:00]} Nf6 {[%emt 0:00:00]} 2. Nf3 {[%emt 0:00:00]} g6 {[%emt 0:00:00]} 3. Nbd2 {[%emt 0:00:00]} d5 {[%emt 0:00:00]} 4. b4 {[%emt 0:00:00]} Bg7 {[%emt 0:00:22]} 5. e3 {[%emt 0:00:05]} c6 {[%emt 0:00:29]} (5... a5 6. b5 c5 7. bxc6 Nxc6 8. Be2 O-O 9. O-O Bf5 10. c3 Qc7 11. a4 e5 12. Ba3 Rfc8 13. Rc1 {½-½ (25) Aronian,L (2765)-Vachier Lagrave,M (2778) Saint Louis 2019}) 6. c4 {[%emt 0:00:42] D02: 1 d4 d5 2 Nf3 sidelines, including 2...Nf6 3 g3 and 2...Nf6 3 Bf4} O-O {[%emt 0:01:12]} 7. a4 {[%emt 0:04:49]} Nbd7 {[%emt 0:04:55]} 8. Bd3 $146 {[%emt 0:02:56]} ({Predecessor:} 8. Bb2 Re8 9. Be2 e5 10. Nxe5 Nxe5 11. dxe5 Nd7 12. f4 f6 13. cxd5 fxe5 14. dxc6 bxc6 {1-0 (38) Hrabusa,M (2335)-Frolov,A (2399) Prague 2017}) 8... a5 {[%emt 0:04:25]} 9. b5 {[%emt 0:00:28]} c5 {[%emt 0:02:31]} 10. Bb2 {[%emt 0:01:54]} cxd4 {[%emt 0:01:00]} 11. Bxd4 {[%emt 0:00:42]} Re8 {[%emt 0:01:58]} 12. cxd5 {[%emt 0:04:41]} Nxd5 {[%emt 0:00:14]} 13. Bxg7 {[%emt 0:00:06]} Kxg7 {[%emt 0:00:06]} 14. Bc4 {[%emt 0:07:50]} N7b6 {[%emt 0:04:13]} 15. Bb3 {[%emt 0:01:45]} Nb4 {[%emt 0:02:04]} 16. O-O {[%emt 0:01:13]} Bg4 {[%emt 0:01:53]} 17. Qb1 {[%emt 0:17:53]} Bxf3 {[%emt 0:04:02]} 18. Nxf3 {[%emt 0:00:07]} e6 {[%emt 0:02:19]} 19. Qe4 {[%emt 0:03:34]} Qd3 {[%emt 0:03:00]} 20. Qe5+ {[%emt 0:03:20]} Kg8 {[%emt 0:03:50]} 21. Nd4 {[%emt 0:00:53]} Nc4 $14 {[%emt 0:34:07]} 22. Qg5 {[%emt 0:22:51]} e5 {[%emt 0:15:29]} 23. Rfd1 {[%emt 0:00:56]} Nd2 {[%emt 0:01:25]} 24. Qf6 {[%emt 0:03:17]} Nxb3 {[%emt 0:02:08]} 25. Rxd3 {[%emt 0:00:19]} Nxa1 {[%emt 0:00:25]} 26. Rd1 {[%emt 0:04:48]} exd4 {[%emt 0:00:06]} 27. Rxa1 {[%emt 0:00:06]} d3 {[%emt 0:00:48]} 28. Rd1 {[%emt 0:02:23]} Re6 {[%emt 0:02:34]} 29. Qc3 {[%emt 0:01:08]} b6 {[%emt 0:00:36]} 30. h4 {[%emt 0:02:58]} h5 {[%emt 0:00:14]} 31. g3 {[%emt 0:02:16]} Rd8 {[%emt 0:01:20]} 32. Kg2 {[%emt 0:01:58]} Rd5 {[%emt 0:00:42]} 33. Qc8+ {[%emt 0:02:47]} Kg7 {[%emt 0:00:12]} 34. Qc3+ {[%emt 0:00:04]} Kg8 {[%emt 0:00:19]} 35. Qc8+ {[%emt 0:00:15]} Kg7 {[%emt 0:00:43]} 36. Qc3+ {[%emt 0:00:11]} Kf8 {[%emt 0:02:06]} 37. Qc8+ {[%emt 0:02:36]} Kg7 {[%emt 0:01:54]} 1/2-1/2

[Event "WJCC U20 Girls 2019"]
[Site "New Delhi"]
[Date "2019.10.17"]
[Round "4.44"]
[White "Punsalan, Vyanla M"]
[Black "Rousseau, Christilla"]
[Result "1/2-1/2"]
[WhiteElo "1964"]
[BlackElo "1648"]
[Annotator "NA"]
[PlyCount "88"]
[EventDate "2019.10.15"]
[EventType "swiss"]
[EventCountry "IND"]
[SourceTitle "playchess.com"]
[Source "ChessBase"]
[SourceQuality "1"]
[TimeControl "40/5400+30:1800+30"]

1. e4 {[%emt 0:00:00]} c6 {[%emt 0:00:00]} 2. d4 d5 {[%emt 0:00:00]} 3. e5 {[%emt 0:00:05]} Bf5 {[%emt 0:00:00]} 4. Nf3 {[%emt 0:00:23]} e6 {[%emt 0:00:00]} 5. a3 {[%emt 0:00:15]} c5 {[%emt 0:00:07]} 6. dxc5 {[%emt 0:00:17]} Bxc5 {[%emt 0:00:07]} 7. b4 {[%emt 0:00:10]} Bb6 {[%emt 0:00:19]} 8. Nbd2 {[%emt 0:00:17]} Ne7 {[%emt 0:00:40]} 9. Bb2 {[%emt 0:00:55]} O-O {[%emt 0:01:41]} 10. c4 {[%emt 0:02:21]} a5 {[%emt 0:02:05]} 11. c5 {[%emt 0:03:07]} Bc7 {[%emt 0:00:05]} 12. b5 {[%emt 0:01:01]} Nd7 {[%emt 0:03:15]} 13. Rc1 {[%emt 0:02:51]} Ng6 {[%emt 0:08:23]} 14. Qe2 {[%emt 0:03:11]} Qb8 {[%emt 0:03:56]} 15. b6 {[%emt 0:15:42]} Bxe5 {[%emt 0:02:23]} 16. Nxe5 {[%emt 0:02:31]} Ngxe5 {[%emt 0:00:53]} 17. Qb5 {[%emt 0:01:30]} Nc6 {[%emt 0:01:57]} 18. g4 {[%emt 0:05:56]} Bg6 {[%emt 0:07:12]} 19. Qa4 {[%emt 0:01:31]} Nde5 {[%emt 0:05:32]} 20. Rg1 {[%emt 0:03:46]} Nd3+ {[%emt 0:06:12]} 21. Bxd3 {[%emt 0:00:46]} Bxd3 {[%emt 0:00:06]} 22. Rg3 {[%emt 0:00:37]} Bg6 {[%emt 0:02:39]} 23. h4 {[%emt 0:01:29]} f6 {[%emt 0:06:40]} 24. h5 {[%emt 0:04:18]} Be8 {[%emt 0:00:18]} 25. g5 {[%emt 0:05:16]} f5 {[%emt 0:04:46]} 26. g6 {[%emt 0:06:36]} h6 {[%emt 0:00:40]} 27. f4 {[%emt 0:08:18]} Qd8 {[%emt 0:05:30]} 28. Kf2 {[%emt 0:01:25]} Qe7 {[%emt 0:04:42]} 29. Qb3 {[%emt 0:07:34]} Rd8 {[%emt 0:07:31]} 30. Nf3 {[%emt 0:02:11]} Kh8 {[%emt 0:05:21]} 31. Qe3 {[%emt 0:02:53]} a4 {[%emt 0:04:20]} 32. Nd4 {[%emt 0:03:38]} Nxd4 {[%emt 0:02:18]} 33. Bxd4 {[%emt 0:00:05]} Qh4 {[%emt 0:04:23]} 34. Kg2 {[%emt 0:01:41]} Bd7 {[%emt 0:02:35]} 35. Rh1 {[%emt 0:01:54]} Qe7 {[%emt 0:00:04]} 36. Kh3 {[%emt 0:02:15]} Bc6 {[%emt 0:00:29]} 37. Re1 {[%emt 0:00:42]} Rde8 {[%emt 0:00:15]} 38. Be5 {[%emt 0:00:59]} Qd7 {[%emt 0:04:18]} 39. Qd4 {[%emt 0:01:19]} Ra8 {[%emt 0:03:24]} 40. Rge3 {[%emt 0:02:39]} Rfe8 {[%emt 0:00:39]} 41. Bd6 {[%emt 0:32:08]} Ra5 {[%emt 0:05:21]} 42. Rb1 {[%emt 0:00:00]} Raa8 {[%emt 0:02:28]} 43. Rbe1 {[%emt 0:00:00]} Ra5 {[%emt 0:00:36]} 44. Rb1 {[%emt 0:00:00]} Raa8 {[%emt 0:00:09]} 1/2-1/2

[Event "WJCC U20 Girls 2019"]
[Site "New Delhi"]
[Date "2019.10.17"]
[Round "4.45"]
[White "Figueroa Bernal, Julia Dennis"]
[Black "Du Plessis, Anika"]
[Result "1/2-1/2"]
[WhiteElo "1777"]
[BlackElo "1594"]
[Annotator "NA"]
[PlyCount "94"]
[EventDate "2019.10.15"]
[EventType "swiss"]
[EventCountry "IND"]
[SourceTitle "playchess.com"]
[Source "ChessBase"]
[SourceQuality "1"]
[TimeControl "40/5400+30:1800+30"]

1. e4 {[%emt 0:00:00]} c5 {[%emt 0:00:00]} 2. Nf3 {[%emt 0:00:00]} Nc6 {[%emt 0:00:00]} 3. d4 {[%emt 0:00:00]} cxd4 {[%emt 0:00:00]} 4. Nxd4 {[%emt 0:00:00]} Nf6 {[%emt 0:00:18]} 5. Nc3 {[%emt 0:00:03]} e5 {[%emt 0:00:18]} 6. Ndb5 {[%emt 0:00:11]} d6 {[%emt 0:00:05]} 7. Bg5 {[%emt 0:00:28]} a6 {[%emt 0:00:05]} 8. Na3 {[%emt 0:00:09]} b5 {[%emt 0:00:07]} 9. Nd5 {[%emt 0:00:06]} Be7 {[%emt 0:00:12]} 10. Bxf6 {[%emt 0:00:07]} Bxf6 {[%emt 0:01:44]} 11. Bd3 {[%emt 0:00:13]} Be6 {[%emt 0:05:47]} 12. c3 {[%emt 0:00:33]} g6 {[%emt 0:03:07]} 13. Nc2 {[%emt 0:03:46]} Bg7 {[%emt 0:02:41]} 14. Nce3 {[%emt 0:02:09]} O-O {[%emt 0:02:53]} 15. Qf3 {[%emt 0:09:26]} Ne7 {[%emt 0:13:04]} 16. g4 {[%emt 0:07:37]} Nxd5 {[%emt 0:05:48]} 17. exd5 {[%emt 0:06:18]} Bd7 {[%emt 0:02:22]} 18. Rg1 {[%emt 0:12:28]} Qg5 {[%emt 0:09:25]} 19. Qg3 {[%emt 0:10:20]} Rae8 {[%emt 0:04:32]} 20. h4 {[%emt 0:03:27]} Qf4 {[%emt 0:03:51]} 21. h5 {[%emt 0:08:05]} Qxg3 {[%emt 0:11:38]} 22. Rxg3 {[%emt 0:00:18]} e4 {[%emt 0:01:41]} 23. Be2 {[%emt 0:00:44]} Be5 {[%emt 0:06:12]} 24. Rg2 {[%emt 0:03:35]} Bf4 {[%emt 0:03:36]} 25. O-O-O {[%emt 0:04:20]} Kg7 {[%emt 0:03:59]} 26. Kb1 {[%emt 0:06:52]} Bxe3 {[%emt 0:06:21]} 27. fxe3 {[%emt 0:00:14]} Re5 {[%emt 0:00:39]} 28. Rd4 {[%emt 0:04:33]} f5 {[%emt 0:02:01]} 29. hxg6 {[%emt 0:03:13]} hxg6 {[%emt 0:00:06]} 30. gxf5 {[%emt 0:00:08]} Rfxf5 {[%emt 0:00:08]} 31. Kc2 {[%emt 0:03:04]} Kf6 {[%emt 0:02:46]} 32. Rh2 {[%emt 0:03:52]} Be8 {[%emt 0:01:38]} 33. Bg4 {[%emt 0:03:15]} Rg5 {[%emt 0:01:48]} 34. Be6 {[%emt 0:00:07]} Kg7 {[%emt 0:02:02]} 35. Rf2 {[%emt 0:03:11]} Rg3 {[%emt 0:01:07]} 36. Kd2 {[%emt 0:01:15]} Rgg5 {[%emt 0:00:46]} 37. a4 {[%emt 0:00:47]} bxa4 {[%emt 0:02:39]} 38. Rb4 {[%emt 0:00:07]} Rg3 {[%emt 0:01:40]} 39. Rb8 {[%emt 0:01:07]} Bb5 {[%emt 0:00:20]} 40. Rg8+ {[%emt 0:02:44]} Kh6 {[%emt 0:00:30]} 41. Rd8 {[%emt 0:30:34]} Rf3 {[%emt 0:31:12]} 42. Rg2 {[%emt 0:00:23]} Rg5 {[%emt 0:01:14]} 43. Rh8+ {[%emt 0:00:19]} Kg7 {[%emt 0:00:12]} 44. Rg8+ {[%emt 0:00:20]} Kh6 {[%emt 0:00:53]} 45. Bg4 {[%emt 0:00:33]} Rxd5+ {[%emt 0:00:00]} 46. Kc2 {[%emt 0:00:00]} Rxe3 {[%emt 0:00:00]} 47. Bd1 {[%emt 0:00:00]} Kh7 {[%emt 0:00:00]} 1/2-1/2

[Event "WJCC U20 Girls 2019"]
[Site "New Delhi"]
[Date "2019.10.17"]
[Round "4.46"]
[White "Rathi Dhanashree"]
[Black "Reid, Caitlin"]
[Result "0-1"]
[WhiteElo "1692"]
[BlackElo "1489"]
[Annotator "NA"]
[PlyCount "59"]
[EventDate "2019.10.15"]
[EventType "swiss"]
[EventCountry "IND"]
[SourceTitle "playchess.com"]
[Source "ChessBase"]
[SourceQuality "1"]
[TimeControl "40/5400+30:1800+30"]

1. d4 {[%emt 0:00:00]} f5 {[%emt 0:00:00]} 2. e4 {[%emt 0:00:36]} fxe4 {[%emt 0:00:53]} 3. Nc3 {[%emt 0:00:05]} Nf6 {[%emt 0:00:17]} 4. Bg5 {[%emt 0:00:10]} d5 {[%emt 0:03:22]} 5. Bxf6 {[%emt 0:00:33]} exf6 {[%emt 0:00:54]} 6. Qh5+ {[%emt 0:00:18]} g6 {[%emt 0:03:50]} 7. Qxd5 {[%emt 0:00:29]} Nc6 {[%emt 0:05:49]} 8. Qxe4+ {[%emt 0:08:00]} Be7 {[%emt 0:01:07]} 9. Bb5 {[%emt 0:01:57]} Bf5 {[%emt 0:02:03]} 10. Bxc6+ {[%emt 0:00:39]} bxc6 {[%emt 0:00:21]} 11. Qxc6+ {[%emt 0:00:04]} Kf8 {[%emt 0:00:33]} 12. O-O-O {[%emt 0:03:04]} Rb8 {[%emt 0:01:30]} 13. Qd5 {[%emt 0:04:29]} Bd6 {[%emt 0:02:18]} 14. Nge2 {[%emt 0:02:26]} Kg7 {[%emt 0:00:55]} 15. Rhe1 {[%emt 0:04:35]} Re8 {[%emt 0:01:17]} 16. Ng3 {[%emt 0:01:40]} Bg4 {[%emt 0:05:17]} 17. f3 {[%emt 0:04:39]} Bd7 {[%emt 0:00:33]} 18. Rxe8 {[%emt 0:05:05]} Qxe8 {[%emt 0:00:08]} 19. Nce4 {[%emt 0:02:31]} Be6 {[%emt 0:07:27]} 20. Nxd6 {[%emt 0:04:12]} cxd6 {[%emt 0:18:26]} 21. Qxd6 {[%emt 0:13:01]} Bxa2 {[%emt 0:01:43]} 22. b3 {[%emt 0:04:57]} Qe3+ {[%emt 0:00:46]} 23. Kb2 {[%emt 0:00:18]} Rb6 {[%emt 0:07:22]} 24. Qc7+ {[%emt 0:03:19]} Kh6 {[%emt 0:00:26]} 25. Kxa2 {[%emt 0:00:51]} Qf2 {[%emt 0:01:56]} 26. Qf4+ {[%emt 0:00:38]} g5 {[%emt 0:00:51]} 27. Qd2 {[%emt 0:00:14]} Qxd2 {[%emt 0:03:12]} 28. Rxd2 {[%emt 0:00:05]} a5 {[%emt 0:00:40]} 29. d5 {[%emt 0:00:14]} Rd6 {[%emt 0:00:18]} 30. Nf5+ {[%emt 0:00:06]} 0-1

[Event "WJCC U20 Girls 2019"]
[Site "New Delhi"]
[Date "2019.10.17"]
[Round "4.47"]
[White "Yaakub, Nov Genevia Pslam"]
[Black "Lohani, Sujana"]
[Result "0-1"]
[WhiteElo "1316"]
[BlackElo "1671"]
[Annotator "NA"]
[PlyCount "86"]
[EventDate "2019.10.15"]
[EventType "swiss"]
[EventCountry "IND"]
[SourceTitle "playchess.com"]
[Source "ChessBase"]
[SourceQuality "1"]
[TimeControl "40/5400+30:1800+30"]

1. e4 {[%emt 0:00:00]} d6 {[%emt 0:00:00]} 2. Nf3 {[%emt 0:00:10]} Nf6 {[%emt 0:00:00]} 3. Nc3 {[%emt 0:00:29]} g6 {[%emt 0:00:05]} 4. Bc4 {[%emt 0:00:56]} Bg7 {[%emt 0:00:31]} 5. d3 {[%emt 0:00:45]} O-O {[%emt 0:00:26]} 6. h3 {[%emt 0:00:34]} c5 {[%emt 0:01:27]} 7. O-O {[%emt 0:01:05]} Nc6 {[%emt 0:01:08]} 8. d4 {[%emt 0:05:33]} cxd4 {[%emt 0:03:54]} 9. Nxd4 {[%emt 0:00:10]} Qb6 {[%emt 0:10:26]} 10. Nb3 {[%emt 0:07:34]} a6 {[%emt 0:07:40]} 11. Be3 {[%emt 0:02:10]} Qc7 {[%emt 0:03:29]} 12. Be2 {[%emt 0:06:29]} b5 {[%emt 0:05:17]} 13. a3 {[%emt 0:05:25]} Be6 {[%emt 0:07:53]} 14. Nd4 {[%emt 0:07:31]} Nxd4 {[%emt 0:09:39]} 15. Bxd4 {[%emt 0:00:17]} Rfc8 {[%emt 0:01:10]} 16. f4 {[%emt 0:07:02]} Bc4 {[%emt 0:06:50]} 17. e5 {[%emt 0:11:33]} Ne8 {[%emt 0:12:14]} 18. exd6 {[%emt 0:10:54]} Bxd4+ {[%emt 0:07:28]} 19. Qxd4 {[%emt 0:00:18]} Nxd6 {[%emt 0:00:42]} 20. Bxc4 {[%emt 0:04:12]} Nxc4 {[%emt 0:00:35]} 21. Nd5 {[%emt 0:00:41]} Qa7 {[%emt 0:05:43]} 22. Qxa7 {[%emt 0:00:53]} Rxa7 {[%emt 0:00:09]} 23. b3 {[%emt 0:06:39]} Nd2 {[%emt 0:01:36]} 24. Rf2 {[%emt 0:00:49]} Ne4 {[%emt 0:03:48]} 25. Re2 {[%emt 0:02:13]} f5 {[%emt 0:00:50]} 26. g4 {[%emt 0:04:09]} e6 {[%emt 0:01:10]} 27. Nb4 {[%emt 0:01:33]} Kf7 {[%emt 0:02:02]} 28. Kg2 {[%emt 0:03:52]} a5 {[%emt 0:02:16]} 29. Nd3 {[%emt 0:00:17]} Rac7 {[%emt 0:01:11]} 30. Ne5+ {[%emt 0:01:13]} Ke7 {[%emt 0:00:23]} 31. Rc1 {[%emt 0:01:06]} Rc3 {[%emt 0:00:25]} 32. Kh2 {[%emt 0:01:44]} Rxb3 {[%emt 0:01:26]} 33. cxb3 {[%emt 0:01:44]} Rxc1 {[%emt 0:00:08]} 34. Re3 {[%emt 0:00:57]} a4 {[%emt 0:01:49]} 35. bxa4 {[%emt 0:01:33]} bxa4 {[%emt 0:00:11]} 36. Rd3 {[%emt 0:00:27]} Rc2+ {[%emt 0:00:36]} 37. Kg1 {[%emt 0:00:18]} Rc7 {[%emt 0:01:20]} 38. Rd4 {[%emt 0:01:00]} Nc3 {[%emt 0:00:16]} 39. Rd3 {[%emt 0:00:38]} Ne2+ {[%emt 0:00:53]} 40. Kf2 {[%emt 0:01:06]} Nxf4 {[%emt 0:00:15]} 41. Rd4 Nxh3+ 42. Kg3 Ng5 43. Rxa4 Ke8 0-1